Individuálna účtovná závierka za rok 2011 v organizáciách štátnej správy a samosprávy

Zmysel účtovnej závierky. Všeobecné záväzné predpisy upravujúce zostavenie individuálnej účtovnej závierky. Ilustračné príklady.

Salvato in:
Dettagli Bibliografici
Autore principale: Majorová, Miriam
Altri autori: Urbanová, Terézia
Natura: Capitolo di libro
Soggetti:
Tags: Aggiungi Tag
Nessun Tag, puoi essere il primo ad aggiungerne!!

MARC

LEADER 00000naa a2200000 4500
001 0144800
005 20231204100841.4
044 |a SK 
245 1 0 |a Individuálna účtovná závierka za rok 2011 v organizáciách štátnej správy a samosprávy  |c Miriam Majorová, Terézia Urbanová 
520 |a Zmysel účtovnej závierky. Všeobecné záväzné predpisy upravujúce zostavenie individuálnej účtovnej závierky. Ilustračné príklady. 
610 2 0 |a správa štátna 
610 2 0 |a obce 
610 2 0 |a samospráva 
610 2 0 |a závierka účtovná konsolidovaná 
100 1 |a Majorová, Miriam 
700 1 |a Urbanová, Terézia